000 00661nam a2200241Ia 4500
003 OSt
005 20220918174335.0
006 a|||||r|||| 00| 0
007 ta
008 220917b |||||||| |||| 00| 0 eng d
024 _a11,668
037 _cTextual
040 _aARTS
_cARTS
_beng
041 _2eng
_aeng
082 _a/\:360aQ:361, L9
100 _aArya Usharbudh
_950043
245 0 _aMeditation and the art of dying
260 _aHonesdale
_bHimalyan International Institute
_c1979
300 _axii,179p.
_ccm.
650 _aSPIRITUALISM
942 _h/\:360aQ:361, L9
_cTEXL
_2CC
999 _c152756
_d152756